Normal view
MARC view
Entry Personal Name
001 - CONTROL NUMBER
- control field: 38254
003 - CONTROL NUMBER IDENTIFIER
- control field: OSt
005 - DATE AND TIME OF LATEST TRANSACTION
- control field: 20211105154421.0
008 - FIXED-LENGTH DATA ELEMENTS
- fixed length control field: 211105|| aca||aabn | a|a d
040 ## - CATALOGING SOURCE
- Original cataloging agency: OSt
- Transcribing agency: OSt
100 ## - HEADING--PERSONAL NAME
- Personal name: Figueras, F
670 ## - SOURCE DATA FOUND
- Source citation: Work cat.: (OSt): Walton, N. A., ed. 38252, The Milky Way Unravelled by Gaia: GREAT Science from the Gaia Data Releases, 2014